Parameter: Klinische Chemie - Statistiken

Allgemein
  • Dieses Quiz wurde 7 mal gespielt
    1 seit der letzten Aktualisierung
  • Das Durchschnittsergebnis liegt bei 17 aus 89
Antwortstatistiken
Parameter Bestimmung Normwert % Korrekt
Cholinesterase Farbtest 5000-13000 U/l
100%
Gamma-GT Enzymatischer Farbtest ♂<60 ♀<40 U/l
100%
Schmidt ́sche Quotient (GOT+GPT) : GLDH > 50: Virushepatitis<20: Zirrhose
100%
HDL-Cholesterin Farbtest >55 mg/dl
100%
Bilirubin (direkt) Jedrassik und Grof <0,25 mg/dl
100%
Bilirubin (indirekt) Berechnung (Gesamt-Direkt) <0,75 mg/dl
100%
De-Ritis-Quotient GOT : GPT <0,7: Virushepatitis>0,7: Zirrhose
100%
P-Amylase (Serum) Farbtest <100 U/l
100%
Bilirubin (gesamt) Jedrassik und Grof <1,0 mg/dl
100%
LDL-Cholesterin Farbtest <150 mg/dl
100%
Cholesterin Farbtest <200 mg/dl
100%
Triglyceride Enzymatischer Farbtest <200 mg/dl
100%
GPT/ALT Optischer Test nach Warburg ♂<50 ♀<35 U/l
100%
GOT/AST Optischer Test nach Warburg ♂<50 ♀<35 U/l
100%
P-Amylase (Urin) Farbtest <600 U/l
100%
Lipase Turbidimetrie <60 U/l
100%
GLDH Optischer Test nach Warburg ♂<7 ♀<5 U/l
100%
Plasminogen Farbtest 0,2 g/l
0%
Erythrozyten Urinsediment 0-2 pro Gesichtsfeld
0%
TSH ELISA 0,3-3,5 mU/l
0%
Cystatin C Immunnephelometrie 0,53-0,95mg/l
0%
C-Peptid ECLIA 0,7-3,0 ng/ml
0%
Phosphat Farbtest 0,87-1,67 mmol/l
0%
INR Berechnung: PR^ISI 1
0%
Spezifisches Gewicht Urinstick (Bromthymolblau) 1,016 bis 1,022
0%
fT4 (Thyroxin) ELISA 10-26 μmol/l
0%
Totalprotein (Liquor) Biuret-Methode 1/200 der Proteinkonzentration im Serum (<0,5 g/l)
0%
Glomeruläre Filtrationsrate (GFR) 120ml/min
0%
Natrium Flammenphotometer / ISE 135-145 mmol/l
0%
Thrombozytenzählung Neubauerkammer 150-350 G/l
0%
freie EBK Absättigung & Eisenbestimmung im Überstand 160-280 μg/dl
0%
Thrombinzeit Kugelkoagulometrie 16-20 Sek.
0%
Transferrin-Sättigung 16 - 45%
0%
Transferrin Turbidimetrie oder totale EBK : 1,27 200-360 mg/dl
0%
Calcium Flammenphotometer 2,2-2,6 mmol/l
0%
HCO3 (Plasmabikarbonat) Henderson-Hasselbach- Gleichung 22-26 mmol/l
0%
Löslicher Transferrin-Rezeptor Turbidimetrie ♂2,2-5,0 ♀1,9-4,4 mg/dl
0%
Totale Eisenbindungskapazität freie EBK x 3 250-400 μg/dl
0%
BE (Basenüberschuss) Berechnung -2,5 - +2,5 mmol/l
0%
aPTT Kugelkoagulometrie 25-40 Sek.
0%
Fibrinogen Bestimmung nach Clauss 2,5-4,5 g/l
0%
Osmolalität (Serum) Kryoskopie 275-300 mosmol/kg
0%
Serumeisen Farbtest 30-200 μg/dl
0%
Ferritin ECLIA ♂30-400 ♀15-150 μg/l
0%
pCO2 (CO2-Partialdruck) Severinghaus-Elektrode 35-45 mmHg
0%
Albumin Bromkresylgrün 3,5-5,2 g/dl
0%
Kalium Flammenphotometer / ISE 3,5-5 mmol/l
0%
fT3 (Trijodthyronin) ELISA 3-6 μmol/l
0%
Glyciertes Hämoglobin (HbA1c) Kapillarelektrophorese 4-6 %
0%
Osmolalität (Urin) Kryoskopie 50-1200 mosmol/kg
0%
Glucose (Liquor) Hexokinase 50% des Serum-Glukosewerts
0%
pH Urinstick (Farbindikatoren) 5 - 7,4
0%
Totalprotein (Serum) Biuret-Methode 66 - 83 g/l
0%
pO2 (O2-Partialdruck) Clark-Elektrode 70-100 mmHg
0%
Quick (TPZ= Thromboplastinzeit) Kugelkoagulometrie 70 - 120%
0%
Einzelfaktoren Kugelkoagulometrie 70-120%
0%
pH-Wert pH-Elektrode 7,36-7,44
0%
Antithrombin III Photometrische Bestimmung 80-120%
0%
Glucose (Serum) Glukoseoxidase/Peroxidase Methode (GOD/POD) oder Glukose-Hexokinase 70-110 mg/dl
0%
Glukose Urinstick (Glukose-Oxidase/ Peroxidase) < 20 mg/dl
0%
Alkalische Phosphatase Farbtest >130 U/l
0%
Creatinin-Clearance >95 ml/min
0%
Troponin T Immunoassay <0,03 μg/l
0%
Protein (Albumin) Urinstick (Bromkresolgrün) < 0,3 g/l
0%
D-Dimere Latexagglutination <0,5 mg/l
0%
Leukozyten Urinstick (Nachweis der Esteraseaktivität von Granulozyten) <10 Zellen/μl
0%
Homocystein Chromatographie <17 μmol/l
0%
Creatinkinase Optischer Test nach Warburg <180 U/l
0%
Creatinin Jaffe-Reaktion <1 mg/dl
0%
Laktat (Liquor) Optischer Test nach Warburg <2,1 mmol/l
0%
LDH Optischer Test nach Warburg <240 U/l
0%
CK-MB (Aktivität) Immuninhibitionstest <24 U/l
0%
GOT/AST Optischer Test nach Warburg ♂<50 ♀<35 U/l
0%
Harnstoff Farbtest <50 mg/dl
0%
CK-MK (Masse) Immunologischer Test <5 μg/l
0%
CRP Latexagglutination <5 mg/l
0%
Leukozyten Urinsediment < 5 pro Gesichtsfeld
0%
Erythrozyten / Hämoglobin Urinstick (Pseudoperoxidase- Aktivität von Hämoglobin) < 5 Zellen/μl
0%
Leukozytenzählung (Liquor) Fuchs-Rosenthal-Kammer <5 Zellen/μl
0%
Ammoniak Optischer Test mit GLDH <60 μmol/l
0%
Myoglobin Latexagglution <72 μg/l
0%
Harnsäure Farbtest <7 mg/dl
0%
Nitrit Urinstick (Glukose-Oxidase/ Peroxidase) Negativ
0%
Ketone Urinstick (Prinzip der Probe nach Legal) Negativ
0%
Urobilinogen Urinstick (Reaktion mit Diazoniumsalz in saurem Milieu) Negativ
0%
Bilirubin Urinstick (Reaktion mit Diazoniumsalz) Negativ
0%
APC-Resistenz Kugelkoagulometrie Ratio >2,3
0%
Plattenepithel Urinsediment Vereinzelt
0%
Hyaline Zylinder Urinsediment Vereinzelt
0%
Keine übereinstimmenden Quizze gefunden
Verteilung der Resultate
Anzahl Personen mit jedem Resultat
Perzentil nach korrekt beantworteten Fragen
Ihre Resultats-Entwicklung
Sie haben dieses Quiz seit der letzten Aktualisierung nicht gespielt